[Event "XII Open"]
[Site "Crema ITA"]
[Date "2010.09.05"]
[Round "5"]
[White "Cambieri, Mario"]
[Black "Epitome, Nando"]
[Result "1-0"]
[WhiteElo "1889"]
[BlackElo "1607"]
[PlyCount "80"]
[EventDate "2010.09.03"]

1. c4 e6 2. Nf3 d5 3. cxd5 exd5 4. d4 Nf6 5. g3 Be7 6. Bg2 O-O 7. O-O Nbd7 8.
Nc3 a6 9. Bf4 b5 10. Rc1 Bb7 11. Re1 Nh5 12. Bd2 Nhf6 13. Ne5 Nb6 14. e4 b4 15.
Nxd5 Nbxd5 16. exd5 Nxd5 17. Nc6 Bxc6 18. Rxc6 Ra7 19. Qb3 Nf6 20. Bxb4 Bxb4
21. Qxb4 h6 22. Qc5 Qb8 23. b3 Rd8 24. Re7 Rd7 25. Rxd7 Nxd7 26. Qf5 Nf6 27.
Qd3 Qb4 28. Qe3 a5 29. Rc5 Ra6 30. Rxc7 Re6 31. Qc3 Qa3 32. Qc2 g6 33. Bf1 Nd5
34. Rc8+ Kg7 35. Bc4 Re1+ 36. Kg2 Nb6 37. Qd2 Re7 38. d5 Rd7 39. Qd4+ f6 40. d6
Nxc4 1-0

[Event "XII Open"]
[Site "Crema ITA"]
[Date "2010.09.05"]
[Round "5"]
[White "Carbone, Lorenzo"]
[Black "Aliberti, Emilio"]
[Result "1-0"]
[WhiteElo "1695"]
[BlackElo "1877"]
[PlyCount "65"]
[EventDate "2010.09.03"]

1. e4 c6 2. c4 d5 3. exd5 cxd5 4. cxd5 Nf6 5. Bb5+ Nbd7 6. Nc3 g6 7. Nf3 Bg7 8.
O-O O-O 9. Ba4 Nb6 10. Bb3 Nbxd5 11. Qe2 e6 12. d4 b6 13. Bg5 Bb7 14. Nxd5 Bxd5
15. Bxd5 Qxd5 16. Rfd1 Rac8 17. Rd3 Qf5 18. Bxf6 Bxf6 19. Rad1 Rfd8 20. b3 Qb5
21. Qd2 Rd5 22. Rc3 Rcd8 23. Rc7 R5d7 24. Qf4 Rxc7 25. Qxc7 Rd7 26. Qf4 Kg7 27.
Rd2 a5 28. g4 Rd5 29. Rc2 Qd3 30. Rc7 g5 31. Qe3 Qd1+ 32. Kg2 Bxd4 33. Qxe6 1-0

[Event "XII Open"]
[Site "Crema ITA"]
[Date "2010.09.05"]
[Round "5"]
[White "Castrogiovanni, Carlo"]
[Black "Gagliardi, Christian"]
[Result "1/2-1/2"]
[WhiteElo "2024"]
[BlackElo "2192"]
[PlyCount "35"]
[EventDate "2010.09.03"]

1. d4 g6 2. c4 Bg7 3. Nc3 d6 4. e4 Nf6 5. Be2 O-O 6. Bg5 c5 7. d5 Na6 8. Qd2
Nc7 9. Bh6 a6 10. Bxg7 Kxg7 11. a4 b6 12. Nf3 Rb8 13. O-O Bd7 14. b3 b5 15.
axb5 axb5 16. Qc2 Rb7 17. Rfb1 Qb8 18. e5 1/2-1/2

[Event "XII Open"]
[Site "Crema ITA"]
[Date "2010.09.05"]
[Round "5"]
[White "Cattaneo, Marco"]
[Black "Raimondi, Giorgio"]
[Result "1-0"]
[WhiteElo "1850"]
[BlackElo "1503"]
[PlyCount "61"]
[EventDate "2010.09.03"]

1. d4 Nf6 2. Nf3 e6 3. c4 b6 4. a3 Bb7 5. Nc3 Be7 6. d5 exd5 7. cxd5 O-O 8. e4
d6 9. Bd3 Nbd7 10. O-O Nc5 11. Bc2 a5 12. Re1 Nfd7 13. Nd4 Bf6 14. f4 Re8 15.
Be3 Nf8 16. g4 h6 17. Re2 Nh7 18. Rg2 g6 19. Qf3 Qd7 20. Qg3 g5 21. h4 gxh4 22.
Qf3 Qd8 23. Nf5 Bg7 24. Nxg7 Kxg7 25. g5 hxg5 26. fxg5 h3 27. Qxh3 Bc8 28. Qh6+
Kg8 29. Bd4 f6 30. gxf6+ Kf7 31. Qg7# 1-0

[Event "XII Open"]
[Site "Crema ITA"]
[Date "2010.09.05"]
[Round "5"]
[White "Cervini, Ernesto"]
[Black "Reduzzi, Maurizio"]
[Result "0-1"]
[WhiteElo "1833"]
[BlackElo "2089"]
[PlyCount "76"]
[EventDate "2010.09.03"]

1. e4 e6 2. d4 d5 3. Nd2 Be7 4. e5 Nh6 5. Ngf3 c5 6. c3 Nc6 7. Bd3 Bd7 8. Bc2
Qb6 9. Nb3 c4 10. Nbd2 f5 11. exf6 Bxf6 12. O-O Nf7 13. Re1 O-O-O 14. b4 e5 15.
dxe5 Nfxe5 16. Nxe5 Nxe5 17. h3 Rhe8 18. Nf1 g5 19. Be3 Qc7 20. f4 Ng6 21. Bxg6
hxg6 22. Qd2 gxf4 23. Bxf4 Bxc3 24. Qxc3 Qxf4 25. Ne3 Bc6 26. Ng4 b5 27. Rf1 d4
28. Rxf4 dxc3 29. Rf2 Rd2 30. Rc1 Ree2 31. Rxc3 Rxa2 32. Rxe2 Rxe2 33. g3 Kc7
34. h4 Kd6 35. Ra3 Kd5 36. Ra6 Re6 37. Kf2 Kd4 38. Ra3 c3 0-1

[Event "XII Open"]
[Site "Crema ITA"]
[Date "2010.09.05"]
[Round "5"]
[White "Chiaravalloti, Francesco"]
[Black "Saccani, Ettore"]
[Result "0-1"]
[WhiteElo "1500"]
[BlackElo "1800"]
[PlyCount "130"]
[EventDate "2010.09.03"]

1. d4 Nf6 2. c4 g6 3. Nc3 Bg7 4. e4 d6 5. Nge2 O-O 6. Bg5 c5 7. d5 a6 8. Qd2
Qa5 9. Nc1 Nbd7 10. Nb3 Qb4 11. Qc2 Ne5 12. a3 Qb6 13. Be2 h6 14. Bf4 Bd7 15.
O-O g5 16. Bg3 Ne8 17. f4 Ng4 18. Bxg4 Bxg4 19. h3 Bh5 20. fxg5 hxg5 21. Rf5 f6
22. h4 Bg6 23. Rf2 gxh4 24. Bxh4 Bh6 25. Re1 Ng7 26. Bg3 Rae8 27. Bf4 Bxf4 28.
Rxf4 Nh5 29. Rg4 Kh7 30. Nd2 Qc7 31. Nf3 Qd7 32. Rh4 Kg7 33. Kf2 Rh8 34. Reh1
Nf4 35. Qd2 e5 36. dxe6 Nxe6 37. Nd5 Bxe4 38. Rxh8 Rxh8 39. Rxh8 Kxh8 40. Qh6+
Bh7 41. Nxf6 Qg7 42. Qh4 Nf8 43. g4 Qg6 44. Kg3 Kg7 45. g5 Qf5 46. Qh6+ Kf7 47.
Nxh7 Nxh7 48. g6+ Qxg6+ 49. Qxg6+ Kxg6 50. Kf4 Kf6 51. Nd2 b5 52. Ke4 Ke6 53.
b3 Nf6+ 54. Kd3 d5 55. cxd5+ Kxd5 56. Kc3 Ne4+ 57. Nxe4 Kxe4 58. a4 Kd5 59.
axb5 axb5 60. Kd3 b4 61. Kc2 Ke4 62. Kd2 Kd4 63. Kc2 Ke3 64. Kd1 Kd3 65. Kc1
Kc3 0-1

[Event "XII Open"]
[Site "Crema ITA"]
[Date "2010.09.05"]
[Round "5"]
[White "Colombo, Luca"]
[Black "Ranfagni, Stefano"]
[Result "0-1"]
[WhiteElo "1918"]
[BlackElo "2011"]
[PlyCount "120"]
[EventDate "2010.09.03"]

1. e4 e6 2. d4 d5 3. e5 c5 4. c3 Nc6 5. Nf3 Bd7 6. Be2 Qb6 7. Na3 a6 8. Nc2
Nge7 9. dxc5 Qxc5 10. Be3 Qa5 11. Bd3 Qc7 12. Bf4 Ng6 13. Bxg6 hxg6 14. Bg3 Bc5
15. Qe2 Ne7 16. Ncd4 Rh5 17. O-O-O b5 18. Nb3 Bb6 19. Kb1 a5 20. Nfd4 Bxd4 21.
Nxd4 Qb7 22. f4 Rh8 23. Bf2 Nf5 24. Nb3 Bc6 25. g4 Nh4 26. Nd4 Rc8 27. Rhg1 Qb8
28. Qe1 g5 29. f5 Bd7 30. Bg3 Rc4 31. Qe3 Qd8 32. fxe6 fxe6 33. Rdf1 Qe7 34.
Qe2 b4 35. Rc1 Rf8 36. Qe3 Ng6 37. cxb4 axb4 38. Rxc4 dxc4 39. Qe4 Nf4 40. Bxf4
Rxf4 41. Qg6+ Qf7 42. Qxf7+ Kxf7 43. Nc2 b3 44. axb3 cxb3 45. Na3 Bc6 46. Kc1
Re4 47. Kd2 Rxe5 48. Nc4 Rd5+ 49. Kc3 Bb5 50. Rg2 Rc5 51. Kb4 Rxc4+ 52. Kxb5
Rc2 53. Rg3 Rxb2 54. Kc4 Rxh2 55. Kxb3 Rd2 56. Kc3 Rd5 57. Kc4 Rd1 58. Rf3+ Ke7
59. Rg3 e5 60. Kc3 Rd4 0-1

[Event "XII Open"]
[Site "Crema ITA"]
[Date "2010.09.05"]
[Round "5"]
[White "Cretti, Marco"]
[Black "Casale, Anania"]
[Result "1/2-1/2"]
[WhiteElo "1410"]
[BlackElo "1732"]
[PlyCount "44"]
[EventDate "2010.09.03"]

1. d4 Nf6 2. Nf3 g6 3. e3 Bg7 4. c4 d6 5. Nc3 O-O 6. Bd3 c5 7. d5 a6 8. O-O Re8
9. e4 e6 10. Re1 exd5 11. exd5 Nbd7 12. Bf4 Rxe1+ 13. Qxe1 Nb6 14. h3 Qc7 15.
Qd2 Bd7 16. Re1 Bf5 17. b3 Bxd3 18. Qxd3 Qd7 19. Ne4 Nxe4 20. Rxe4 h6 21. Qe2
Kf8 22. Bh2 Nc8 1/2-1/2

[Event "XII Open"]
[Site "Crema ITA"]
[Date "2010.09.05"]
[Round "5"]
[White "Distratis, Gianluca"]
[Black "Scarabelli, Maurizio"]
[Result "1-0"]
[WhiteElo "1954"]
[BlackElo "1825"]
[PlyCount "121"]
[EventDate "2010.09.03"]

1. e4 c5 2. c3 d5 3. exd5 Qxd5 4. d4 e6 5. Nf3 Nf6 6. Be2 Be7 7. O-O O-O 8. Be3
cxd4 9. cxd4 Nc6 10. Nc3 Qd8 11. Qd2 Nd5 12. Rac1 Bd7 13. Ne4 f5 14. Nc5 Bxc5
15. dxc5 f4 16. Bd4 Nxd4 17. Qxd4 Qf6 18. Ne5 Bc6 19. Rfe1 Rad8 20. Nxc6 bxc6
21. Qa4 e5 22. Bf3 Rf7 23. Rcd1 Rfd7 24. b4 Kf8 25. Qb3 Nc7 26. Bg4 Rd5 27. a4
a6 28. h3 g6 29. Qc3 Rd4 30. Bf3 h5 31. Qc2 Kg7 32. Re4 R8d7 33. Rde1 R4d5 34.
R4e2 Rd4 35. Rxe5 Rxb4 36. Qc3 Rbd4 37. Re7+ Rxe7 38. Rxe7+ Kf8 39. Re1 Rd6 40.
Qa5 Rd7 41. Qb6 Qc3 42. Re4 Qc1+ 43. Kh2 Qd2 44. Qxc6 Rf7 45. Qxg6 Qxf2 46.
Bxh5 Qg3+ 47. Qxg3 fxg3+ 48. Kxg3 Rg7+ 49. Rg4 Re7 50. Rf4+ Kg7 51. Bf3 Re5 52.
Rc4 Kg6 53. Bb7 Re3+ 54. Kf4 Re7 55. c6 Nd5+ 56. Kf3 Rf7+ 57. Ke4 Nc7 58. g4
Re7+ 59. Kd4 Kf6 60. Kc5 Ke5 61. Kb6 1-0

[Event "XII Open"]
[Site "Crema ITA"]
[Date "2010.09.05"]
[Round "5"]
[White "Folcini, Gaddo"]
[Black "Milanesi, Erminio"]
[Result "1-0"]
[WhiteElo "1543"]
[BlackElo "1855"]
[PlyCount "79"]
[EventDate "2010.09.03"]

1. e4 g6 2. d4 Nh6 3. Nf3 f6 4. Bxh6 Bxh6 5. Bd3 d6 6. c3 Be6 7. d5 Bf7 8. Nd4
Nd7 9. O-O O-O 10. Nd2 Nc5 11. Bc2 e5 12. N4f3 c6 13. h4 cxd5 14. Nh2 dxe4 15.
Nxe4 Nxe4 16. Bxe4 d5 17. Bc2 f5 18. Nf3 Bg7 19. Ng5 Be8 20. Ne6 Qd6 21. Nxf8
Bxf8 22. Qe2 a6 23. Rfe1 Bg7 24. Rad1 Bc6 25. Bb3 Qf6 26. c4 Kh8 27. cxd5 Bd7
28. h5 g5 29. Rc1 g4 30. Rc7 Qd6 31. Rec1 Bh6 32. R1c2 Bg5 33. Rxb7 Bd8 34. h6
Rc8 35. Rxc8 Bxc8 36. Ra7 g3 37. Rg7 Qxh6 38. Rxg3 Qc1+ 39. Kh2 e4 40. Qh5 1-0

[Event "XII Open"]
[Site "Crema ITA"]
[Date "2010.09.05"]
[Round "5"]
[White "Giretti Kanev, Jasen"]
[Black "Guidi, Paolo"]
[Result "1/2-1/2"]
[WhiteElo "2191"]
[BlackElo "1884"]
[PlyCount "25"]
[EventDate "2010.09.03"]

1. e4 d6 2. d4 Nf6 3. Nc3 g6 4. f4 Bg7 5. Nf3 c5 6. d5 O-O 7. Be2 b5 8. Bxb5
Nxe4 9. Bd2 Nxd2 10. Qxd2 Qb6 11. Rb1 Bxc3 12. bxc3 a6 13. f5 1/2-1/2

[Event "XII Open"]
[Site "Crema ITA"]
[Date "2010.09.05"]
[Round "5"]
[White "Guasconi, Lelio"]
[Black "Stradiotti, Maurizio"]
[Result "1-0"]
[WhiteElo "1482"]
[BlackElo "1686"]
[PlyCount "71"]
[EventDate "2010.09.03"]

1. e4 e5 2. Nf3 Nc6 3. Bc4 Be7 4. d3 Nf6 5. Nc3 O-O 6. h3 Na5 7. Bd5 c6 8. Bb3
Nxb3 9. axb3 d6 10. Qe2 b6 11. Bd2 Bb7 12. Nh2 Re8 13. Ng4 Qc7 14. f4 exf4 15.
Bxf4 Kh8 16. O-O Bc8 17. Nxf6 gxf6 18. Rf3 Rg8 19. Qf2 Bd7 20. Ne2 Rg6 21. Rg3
Rag8 22. Kh2 a5 23. Ng1 Qc8 24. Nf3 f5 25. exf5 Bxf5 26. Re1 Bf6 27. Bxd6 Bxb2
28. Nh4 Rxg3 29. Bxg3 Be6 30. d4 f6 31. Qxf6+ Rg7 32. Rxe6 Bxd4 33. Qxd4 Qxe6
34. Be5 Qg8 35. Nf5 h6 36. Bxg7+ 1-0

[Event "XII Open"]
[Site "Crema ITA"]
[Date "2010.09.05"]
[Round "5"]
[White "Guglielmetti, Oscar"]
[Black "Giallombardo, Federico"]
[Result "1-0"]
[WhiteElo "1779"]
[BlackElo "1919"]
[PlyCount "37"]
[EventDate "2010.09.03"]

1. Nf3 d5 2. g3 Nf6 3. Bg2 g6 4. d3 Bg7 5. Nc3 c6 6. O-O O-O 7. e4 dxe4 8. dxe4
Qc7 9. Bf4 Qa5 10. Qe2 Nbd7 11. Bd2 Qc7 12. Ne1 e5 13. Nd3 b6 14. Rae1 Ba6 15.
b4 Rad8 16. a4 Bc4 17. Qf3 a6 18. Nb2 Be6 19. Bg5 1-0

[Event "XII Open"]
[Site "Crema ITA"]
[Date "2010.09.05"]
[Round "5"]
[White "Lanni, Vincenzo"]
[Black "Vuckovic, Dimitrije"]
[Result "1/2-1/2"]
[WhiteElo "1817"]
[BlackElo "1566"]
[PlyCount "56"]
[EventDate "2010.09.03"]

1. d4 Nf6 2. g3 g6 3. Bg2 Bg7 4. Nf3 O-O 5. O-O d5 6. c3 b6 7. Nbd2 Bb7 8. Qc2
c5 9. dxc5 bxc5 10. Nb3 Nbd7 11. Bg5 Rc8 12. Bd2 c4 13. Nbd4 a6 14. Ng5 h6 15.
Nh3 e5 16. Nf3 Ne4 17. Ne1 Nxd2 18. Qxd2 Nf6 19. e3 d4 20. e4 Qb6 21. Kh1 Rfd8
22. Ng1 a5 23. Nc2 Ba6 24. Rab1 Rc7 25. f4 exf4 26. gxf4 d3 27. Nd4 Nh5 28. e5
Bc8 1/2-1/2

[Event "XII Open"]
[Site "Crema ITA"]
[Date "2010.09.05"]
[Round "5"]
[White "Maddaloni, Giovanni"]
[Black "Biava, Pierluigi"]
[Result "1-0"]
[WhiteElo "1801"]
[BlackElo "1765"]
[PlyCount "89"]
[EventDate "2010.09.03"]

1. e4 c5 2. Nf3 a6 3. d4 cxd4 4. Nxd4 e5 5. Nf3 Nc6 6. Nc3 Bb4 7. Bd3 Nf6 8.
Bg5 h6 9. Bxf6 Qxf6 10. O-O Ne7 11. Nd5 Nxd5 12. exd5 d6 13. h3 O-O 14. c3 Bc5
15. Qe2 Bf5 16. Bxf5 Qxf5 17. Rad1 Rae8 18. Rfe1 Qh5 19. b4 Ba7 20. b5 e4 21.
Nd4 Qxe2 22. Rxe2 Re5 23. bxa6 Bxd4 24. Rxd4 bxa6 25. Rexe4 Rfe8 26. f3 f5 27.
Rxe5 Rxe5 28. Kf2 Kf7 29. c4 Re8 30. Rd3 Rc8 31. Ra3 Ra8 32. Ra5 Ke7 33. Ke3 g6
34. Kd4 Kd7 35. c5 Ra7 36. c6+ Kc7 37. Ra3 Kb6 38. Re3 Rg7 39. Re6 Kc7 40. Re8
a5 41. Kc4 g5 42. Kb5 g4 43. Ra8 Rg6 44. Ra7+ Kc8 45. Kb6 1-0

[Event "XII Open"]
[Site "Crema ITA"]
[Date "2010.09.05"]
[Round "5"]
[White "Molteni, Diego"]
[Black "Acunzo, Domenico"]
[Result "1-0"]
[WhiteElo "1527"]
[BlackElo "1802"]
[PlyCount "73"]
[EventDate "2010.09.03"]

1. d4 e6 2. c4 f5 3. Nc3 Nf6 4. g3 d5 5. Bg2 c6 6. Nf3 Bd6 7. O-O O-O 8. Re1
Nbd7 9. Bg5 h6 10. Bxf6 Nxf6 11. Rc1 f4 12. e4 fxg3 13. e5 gxf2+ 14. Kxf2 Ng4+
15. Kg1 Bxe5 16. dxe5 Qb6+ 17. Qd4 Qxd4+ 18. Nxd4 h5 19. h3 Nh6 20. cxd5 cxd5
21. Ncb5 Rf4 22. Nc7 Rb8 23. Ncxe6 Bxe6 24. Nxe6 Rb4 25. Rc7 Nf5 26. Bxd5 Kh8
27. Ng5 Rf8 28. Rf1 Rxb2 29. Nf7+ Rxf7 30. Bxf7 Ne3 31. Rf2 Rb6 32. e6 Nd5 33.
Bg6 Nf6 34. Rc8+ Ng8 35. Rff8 Rb1+ 36. Kf2 Rb2+ 37. Ke3 1-0

[Event "XII Open"]
[Site "Crema ITA"]
[Date "2010.09.05"]
[Round "5"]
[White "Oteri, Aldo"]
[Black "Mussap, Angelo"]
[Result "0-1"]
[WhiteElo "1829"]
[BlackElo "2051"]
[PlyCount "94"]
[EventDate "2010.09.03"]

1. e4 e5 2. Nf3 Nc6 3. Bb5 Bc5 4. c3 d6 5. d4 exd4 6. cxd4 Bb4+ 7. Bd2 Bd7 8.
O-O Bxd2 9. Qxd2 Nge7 10. Nc3 a6 11. Bd3 Ng6 12. Rac1 O-O 13. Rfe1 Bg4 14. Nd5
Bxf3 15. gxf3 Nxd4 16. Qe3 Nh4 17. Be2 c5 18. f4 Ng6 19. Kh1 Qh4 20. Qg3 Rae8
21. Bf1 f5 22. Bc4 Kh8 23. exf5 Nxf5 24. Qf3 Nd4 25. Qg3 Qxg3 26. fxg3 Nf3 27.
Rxe8 Rxe8 28. Kg2 Nd4 29. Bd3 b5 30. b3 Nf8 31. Kf2 Nd7 32. Nc7 Rc8 33. Nxa6
Ra8 34. Re1 Nf6 35. Nc7 Rxa2+ 36. Ke3 g6 37. h4 Rg2 38. Nxb5 Nd5+ 39. Ke4 Nf6+
40. Ke3 Rxg3+ 41. Kf2 Rxd3 42. Re7 Rf3+ 43. Kg2 Rxf4 44. Nxd6 Nxb3 45. Nf7+ Kg7
46. Ne5+ Kh6 47. Nd3 Rg4+ 0-1

[Event "XII Open"]
[Site "Crema ITA"]
[Date "2010.09.05"]
[Round "5"]
[White "Pace, Roberto"]
[Black "Bocci, Alessandro"]
[Result "0-1"]
[WhiteElo "1984"]
[BlackElo "1965"]
[PlyCount "104"]
[EventDate "2010.09.03"]

1. e4 c5 2. Nf3 Nc6 3. d4 cxd4 4. Nxd4 Qc7 5. Nc3 e6 6. Be2 a6 7. a3 Nf6 8. O-O
Bd6 9. g3 Nxd4 10. Qxd4 Be5 11. Qd3 b5 12. Bd2 Bb7 13. Bf3 h5 14. Bg2 h4 15. f4
Bd6 16. Bf3 Nh5 17. Kg2 g5 18. Qe2 Ng7 19. e5 Be7 20. Be3 gxf4 21. Bxf4 Nf5 22.
Rad1 hxg3 23. hxg3 O-O-O 24. Ne4 Rdg8 25. Rh1 Nh4+ 26. Rxh4 Rxh4 27. Kf1 Rhh8
28. Ke1 Kb8 29. Rd3 Rc8 30. c3 Bd5 31. Rd2 Qc4 32. Qe3 Bc5 33. Nxc5 Qxc5 34.
Bxd5 Qxe3+ 35. Bxe3 exd5 36. Rxd5 Rce8 37. Kd2 Kc8 38. b4 Re6 39. Bf4 Rh2+ 40.
Kd3 Ra2 41. Bc1 Rg6 42. Bf4 Rxa3 43. Kd4 Rc6 44. Bd2 Ra2 45. Kd3 Ra1 46. Rd4
Rf1 47. Ke3 Rd1 48. Ke2 Ra1 49. Rf4 Re6 50. Rf5 Ra2 51. Ke3 d6 52. Rxf7 Rxe5+
0-1

[Event "XII Open"]
[Site "Crema ITA"]
[Date "2010.09.05"]
[Round "5"]
[White "Peschechera, Francesco"]
[Black "Lucchese, Paolo"]
[Result "0-1"]
[WhiteElo "1704"]
[BlackElo "1917"]
[PlyCount "68"]
[EventDate "2010.09.03"]

1. e4 c5 2. Nf3 Nc6 3. d4 cxd4 4. Nxd4 Nf6 5. Nc3 g6 6. Be3 Bg7 7. Bc4 O-O 8.
O-O Ng4 9. Nxc6 Nxe3 10. Nxd8 Nxd1 11. Bxf7+ Rxf7 12. Nxf7 Nxc3 13. bxc3 Kxf7
14. Rab1 d6 15. f4 Bxc3 16. Rf3 Bd4+ 17. Kf1 Bc5 18. f5 Kg7 19. Rbb3 b6 20. Rf4
Ba6+ 21. Ke1 Bc4 22. Rbf3 Bxa2 23. h4 Rf8 24. g4 e5 25. fxe6 Rxf4 26. e7 Kf7
27. Rxf4+ Kxe7 28. e5 a5 29. exd6+ Bxd6 30. Re4+ Be6 31. Kd2 Kd7 32. Kc3 h5 33.
gxh5 gxh5 34. Re1 Bb4+ 0-1

[Event "XII Open"]
[Site "Crema ITA"]
[Date "2010.09.05"]
[Round "5"]
[White "Pinna, Ferdinando"]
[Black "Martino, Antonio M."]
[Result "1-0"]
[WhiteElo "1858"]
[BlackElo "1991"]
[PlyCount "57"]
[EventDate "2010.09.03"]

1. e4 Nf6 2. e5 Nd5 3. d4 d6 4. Nf3 dxe5 5. Nxe5 c6 6. c4 Nf6 7. Be3 g6 8. Be2
Bg7 9. O-O O-O 10. Nc3 Nbd7 11. Bf4 Nb6 12. Qd2 Be6 13. b3 Qc8 14. h3 Rd8 15.
Qe3 Ne8 16. a4 f6 17. Nf3 Qd7 18. Ne4 g5 19. Bh2 Bf5 20. Nc5 Qc8 21. Qxe7 Bf8
22. Qxb7 Bxc5 23. Qxc8 Raxc8 24. dxc5 Nd7 25. Nd4 Ng7 26. Nxf5 Nxf5 27. Bg4 Nd4
28. Rad1 h5 29. Rxd4 1-0

[Event "XII Open"]
[Site "Crema ITA"]
[Date "2010.09.05"]
[Round "5"]
[White "Pisani, Valerio"]
[Black "Cecchini, Massimo S."]
[Result "0-1"]
[WhiteElo "1749"]
[BlackElo "1805"]
[PlyCount "146"]
[EventDate "2010.09.03"]

1. e4 c6 2. d4 d5 3. e5 Bf5 4. Bd3 Bxd3 5. Qxd3 e6 6. Nf3 Nd7 7. O-O c5 8. c3
Qb6 9. a4 cxd4 10. cxd4 Ne7 11. Na3 a6 12. Nc2 Nc6 13. Bd2 Be7 14. b4 O-O 15.
Rfe1 Rfc8 16. Rab1 Qd8 17. h3 Nb6 18. b5 axb5 19. axb5 Na5 20. Bxa5 Rxa5 21.
Nd2 Ra2 22. Ne3 Bg5 23. Rec1 g6 24. g3 Rc7 25. f4 Be7 26. Ra1 Rxa1 27. Rxa1 Qc8
28. Ra2 Rc3 29. Qe2 h5 30. Kf2 Bb4 31. Nb1 Rc1 32. Rc2 Rxc2 33. Qxc2 Nc4 34.
Ke2 Kf8 35. Kd3 Nb6 36. Qxc8+ Nxc8 37. Nc2 Ba5 38. Nba3 Ke7 39. g4 hxg4 40.
hxg4 Nb6 41. Ke3 Kd7 42. Kf3 Na4 43. Ke3 Kc7 44. Kd3 Kb6 45. Na1 Nc3 46. Nb3
Nxb5 47. Nxb5 Kxb5 48. Nc5 Kc6 49. Nb3 Bb4 50. Nc1 Kb5 51. Ne2 Be1 52. Ng1 Kb4
53. Nf3 Bg3 54. Ke3 Kc4 55. Ng5 b5 56. Nxf7 b4 57. Nd6+ Kc3 58. f5 gxf5 59.
gxf5 b3 60. fxe6 Bh4 61. Nb5+ Kb4 62. Nc7 Kc4 63. Nxd5 b2 64. e7 Bxe7 65. Nxe7
b1=Q 66. Nc6 Kd5 67. Ne7+ Ke6 68. Nc6 Qc1+ 69. Kd3 Qxc6 70. Ke3 Qc3+ 71. Ke4
Qc2+ 72. Ke3 Kd5 73. Kf4 Qe4+ 0-1

[Event "XII Open"]
[Site "Crema ITA"]
[Date "2010.09.05"]
[Round "5"]
[White "Quagliarella, Sabino Remo"]
[Black "Cocconcelli, Lorenzo"]
[Result "1-0"]
[WhiteElo "1937"]
[BlackElo "1809"]
[PlyCount "113"]
[EventDate "2010.09.03"]

1. d4 d5 2. c4 e6 3. Nf3 Nf6 4. Nc3 Be7 5. Bg5 Nbd7 6. e3 O-O 7. Rc1 c6 8. Bd3
dxc4 9. Bxc4 Nd5 10. Bxe7 Qxe7 11. O-O N7f6 12. Bd3 Bd7 13. Qd2 Nb6 14. e4 Rac8
15. e5 Nfd5 16. Ne4 Qb4 17. Qg5 h6 18. Qh4 Qe7 19. Qg3 g6 20. Nd6 Rb8 21. Nd2
Qg5 22. Qxg5 hxg5 23. g3 Kg7 24. h3 Rh8 25. Kg2 Nc8 26. N6e4 Nce7 27. Nxg5 Nf5
28. Ndf3 Rh6 29. Rfe1 Rc8 30. h4 Nxh4+ 31. Nxh4 Rxh4 32. Be4 Rh5 33. Bxd5 exd5
34. e6 Rxg5 35. exd7 Rd8 36. Re7 Rf5 37. Rce1 Rf6 38. R1e3 Rd6 39. Rf3 Rf6 40.
Rb3 b6 41. Ra3 a5 42. Rb3 b5 43. Rbe3 a4 44. b3 Rd6 45. bxa4 bxa4 46. Ra3 R8xd7
47. Rxd7 Rxd7 48. Rxa4 Rd8 49. Ra7 Re8 50. Rc7 Re2 51. Rxc6 Rxa2 52. Rc5 Kf6
53. Rxd5 Rd2 54. Kf3 Ke6 55. Re5+ Kd6 56. Ke3 Rd1 57. Ra5 1-0

[Event "XII Open"]
[Site "Crema ITA"]
[Date "2010.09.05"]
[Round "5"]
[White "Rambaldi, Francesco"]
[Black "Bonazzi, Edoardo"]
[Result "1-0"]
[WhiteElo "2015"]
[BlackElo "2188"]
[PlyCount "63"]
[EventDate "2010.09.03"]

1. e4 c5 2. Nf3 e6 3. d4 cxd4 4. Nxd4 a6 5. Nc3 Nc6 6. Be3 Nge7 7. Nxc6 Nxc6 8.
a4 Bb4 9. Be2 O-O 10. O-O Qc7 11. f4 b6 12. f5 Bd6 13. h3 Be5 14. Bd3 f6 15.
Qe2 Re8 16. Qf2 Rb8 17. Qh4 Na5 18. Bf4 Nc4 19. Bxc4 Qxc4 20. Bxe5 Qc5+ 21. Kh1
Qxe5 22. Rad1 b5 23. axb5 axb5 24. Ne2 d5 25. Nd4 Bd7 26. fxe6 Bxe6 27. Nc6
Qxe4 28. Qxe4 dxe4 29. Nxb8 Rxb8 30. Rd4 f5 31. Kg1 Kf7 32. Rxe4 1-0

[Event "XII Open"]
[Site "Crema ITA"]
[Date "2010.09.05"]
[Round "5"]
[White "Regorda, Vittorio"]
[Black "Carrai, Giacomo"]
[Result "1/2-1/2"]
[WhiteElo "1872"]
[BlackElo "1860"]
[PlyCount "107"]
[EventDate "2010.09.03"]

1. d4 Nf6 2. c4 e6 3. Nf3 b6 4. g3 Ba6 5. Qc2 c5 6. Bg2 Bb7 7. e3 Be7 8. O-O d6
9. Nbd2 O-O 10. b3 Nc6 11. Bb2 Rc8 12. Rad1 Qc7 13. dxc5 bxc5 14. Qb1 h6 15.
Qa1 Nb8 16. e4 e5 17. Nh4 Nc6 18. Nf5 Nd4 19. Nxd4 exd4 20. f3 a5 21. a4 Bc6
22. Nb1 Qb7 23. Rd3 Nd7 24. f4 Bxe4 25. Bxe4 Qxe4 26. Rdf3 Bf6 27. Na3 Rce8 28.
Nb5 Qc6 29. Qd1 Re7 30. Qd3 Rfe8 31. Bc1 Re2 32. Bd2 Qb6 33. R1f2 Rxf2 34. Rxf2
Nb8 35. Re2 Re7 36. Rxe7 Bxe7 37. Qe4 Bf8 38. Qe1 Nc6 39. Qe8 Nb4 40. Qd7 Qc6
41. Qxc6 Nxc6 42. Nc7 f5 43. Kg2 Kf7 44. Kf3 Be7 45. h3 Bd8 46. Nd5 Ne7 47. g4
g6 48. Be1 Ke6 49. Nxe7 Kxe7 50. h4 Ke6 51. g5 h5 52. Ke2 d5 53. Kd3 Bc7 54.
Bd2 1/2-1/2

[Event "XII Open"]
[Site "Crema ITA"]
[Date "2010.09.05"]
[Round "5"]
[White "Riboldi, Raffaele"]
[Black "Cautiero, Pietro"]
[Result "1-0"]
[WhiteElo "1923"]
[BlackElo "1686"]
[PlyCount "33"]
[EventDate "2010.09.03"]

1. d4 e6 2. c4 d5 3. Nc3 Nf6 4. cxd5 exd5 5. Bg5 Be7 6. e3 O-O 7. Bd3 h6 8. Bh4
Be6 9. Qc2 Nbd7 10. Nge2 c5 11. O-O Qc8 12. Rac1 c4 13. Bf5 Bxf5 14. Qxf5 Nb6
15. Qf3 Re8 16. Bxf6 Bxf6 17. Nxd5 1-0

[Event "XII Open"]
[Site "Crema ITA"]
[Date "2010.09.05"]
[Round "5"]
[White "Rizzi, Pietro"]
[Black "Cattaneo, Dario"]
[Result "1-0"]
[WhiteElo "1579"]
[BlackElo "1599"]
[PlyCount "61"]
[EventDate "2010.09.03"]

1. e4 g6 2. d4 Bg7 3. Nf3 d6 4. Bd3 Nf6 5. c3 O-O 6. h3 b6 7. O-O Re8 8. e5
dxe5 9. Nxe5 Bb7 10. Bc4 e6 11. Bg5 Bd5 12. Qe2 Bxc4 13. Qxc4 h6 14. Bxf6 Bxf6
15. Na3 Bxe5 16. dxe5 c6 17. Rad1 Qe7 18. Qe4 b5 19. Rd6 a6 20. Rfd1 Ra7 21.
Nc2 c5 22. Qe3 g5 23. Qxc5 Rc7 24. Qe3 Nc6 25. f4 Rd8 26. Nb4 Qe8 27. Nxc6 Rxd6
28. exd6 Rxc6 29. fxg5 Qd8 30. gxh6 Rxd6 31. Qg3+ 1-0

[Event "XII Open"]
[Site "Crema ITA"]
[Date "2010.09.05"]
[Round "5"]
[White "Salami, Marco"]
[Black "Stella, Luca"]
[Result "1/2-1/2"]
[WhiteElo "2195"]
[BlackElo "2042"]
[PlyCount "88"]
[EventDate "2010.09.03"]

1. d4 Nf6 2. c4 g6 3. Nc3 d5 4. Bg5 Ne4 5. cxd5 Nxc3 6. bxc3 Qxd5 7. Nf3 Bg7 8.
Qd2 c5 9. Rc1 Nc6 10. e3 O-O 11. c4 Qd6 12. d5 Nb4 13. a3 Na6 14. Be2 Nc7 15.
O-O e5 16. e4 f5 17. Bh6 fxe4 18. Bxg7 Kxg7 19. Ng5 Bf5 20. Qe3 h6 21. Nxe4
Bxe4 22. Qxe4 Rf4 23. Qb1 b6 24. Rc3 Raf8 25. Rg3 g5 26. a4 Qf6 27. a5 Ne8 28.
axb6 axb6 29. Rf3 Nd6 30. Qxb6 e4 31. Rxf4 gxf4 32. f3 Qd4+ 33. Kh1 Nxc4 34.
Bxc4 Qxc4 35. Ra1 Qxd5 36. fxe4 Qxe4 37. Qxc5 Rf7 38. Qc3+ Kh7 39. Rf1 Qe2 40.
Re1 Qg4 41. Qc4 Qf5 42. Rf1 h5 43. Qe2 Qg4 44. Qe4+ Qf5 1/2-1/2

[Event "XII Open"]
[Site "Crema ITA"]
[Date "2010.09.05"]
[Round "5"]
[White "Scotti, Luigi"]
[Black "Raimondi, Celso"]
[Result "0-1"]
[WhiteElo "1592"]
[BlackElo "1640"]
[PlyCount "25"]
[EventDate "2010.09.03"]

1. e4 c5 2. c3 d5 3. exd5 Qxd5 4. d4 e6 5. Nf3 Nf6 6. Nbd2 cxd4 7. Nxd4 Nc6 8.
Bc4 Qd8 9. N2b3 Be7 10. O-O O-O 11. Qe2 a6 12. Bg5 b5 13. Bd3 0-1